[Event "Agneaux St Lo Coquereau op"]
[Site "Agneaux"]
[Date "2013.07.10"]
[Round "5"]
[White "Busson, Didier"]
[Black "Benard, Anne Laurie"]
[Result "0-1"]
[WhiteElo "1814"]
[BlackElo "1925"]
[PlyCount "44"]
[EventDate "2013.07.07"]
[EventType "swiss"]
[EventRounds "9"]
[EventCountry "FRA"]
[SourceTitle "EXT 2014"]
[Source "ChessBase"]
[SourceDate "2013.11.20"]
[SourceVersion "1"]
[SourceVersionDate "2013.11.20"]
[SourceQuality "1"]

1. e4 c5 2. c3 g6 3. g3 d5 4. e5 Nc6 5. f4 f6 6. Bb5 Bg7 7. Bxc6+ bxc6 8. d4 cxd4 9. Qa4 Qb6 10. Qxd4 fxe5 11. fxe5 Nh6 12. Bxh6 Bxh6 13. Qxb6 axb6 14. Nd2 0-0 15. Ne2 Rf5 16. g4 Rxe5 17. Nf3 Re3 18. g5 Rxf3 19. gxh6 Rh3 20. Nd4 Bb7 21. Kd2 e5 22. Nf5 Rf8 0-1